LEADER 02580oam 22005174a 450 001 9910480412503321 005 20200114153027.0 010 $a1-5261-4454-9 010 $a1-5261-1412-7 035 $a(CKB)4100000008209530 035 $a(MiAaPQ)EBC5824929 035 $a(StDuBDS)EDZ0002153508 035 $a(OCoLC)1101101144 035 $a(MdBmJHUP)muse77815 035 $a(EXLCZ)994100000008209530 100 $a20190829d2019 uy 0 101 0 $aeng 135 $aurcnu|||||||| 181 $ctxt$2rdacontent 182 $cc$2rdamedia 183 $acr$2rdacarrier 200 10$aMutinous memories$eA subjective history of French military protest in 1919 /$fMatt Perry 210 1$aBaltimore, Maryland :$cProject Muse,$d2019 210 3$aBaltimore, Md. :$cProject MUSE, $d2019 210 4$d©2019 215 $a1 online resource (viii, 209 pages) 225 0 $aStudies in modern French history 300 $aPreviously issued in print: 2019. 311 $a1-5261-1410-0 320 $aIncludes bibliographical references (pages [188]-204) and index. 327 $aSensing mutiny -- Mutinous emotion -- A mutineers' world : transnationalism and the sense of place -- Age, time and personal memory -- Associational memory. 330 $aThis book explores the eight-month wave of mutinies that struck the French infantry and navy in 1919. Based on official records and the testimony of dozens of participants, it is the first study to try to understand the world of the mutineers. Examining their words for the traces of sensory perceptions, emotions and thought processes, it reveals that the conventional understanding of the mutinies as the result of simple war-weariness and low morale is inadequate. In fact, an emotional gulf separated officers and the ranks, who simply did not speak the same language. The revolt entailed emotional sequences ending in a deep ambivalence and sense of despair or regret. Taking this into account, the book considers how mutineer memories persisted after the events in the face of official censorship, repression and the French Communist Party's co-option of the mutiny. 410 0$aStudies in modern French history. 606 $aMutiny$zFrance 606 $aHistory, Modern$y20th century 608 $aElectronic books. 615 0$aMutiny 615 0$aHistory, Modern 676 $a359.13340944 700 $aPerry$b Matt$0524158 801 0$bMdBmJHUP 801 1$bMdBmJHUP 906 $aBOOK 912 $a9910480412503321 996 $aMutinous memories$92248033 997 $aUNINA LEADER 08012nam 22011535 450 001 996492064703316 005 20221104171258.0 010 $a3-8394-6168-5 024 7 $a10.1515/9783839461686 035 $a(CKB)5850000000077607 035 $a(DE-B1597)637915 035 $a(DE-B1597)9783839461686 035 $a(NjHacI)995850000000077607 035 $a(oapen)https://directory.doabooks.org/handle/20.500.12854/92344 035 $a(OCoLC)1346260529 035 $a(MiAaPQ)EBC30469309 035 $a(Au-PeEL)EBL30469309 035 $a(EXLCZ)995850000000077607 100 $a20221004h20222022 fg 101 0 $ager 135 $aur||#|||||||| 181 $ctxt$2rdacontent 182 $cc$2rdamedia 183 $acr$2rdacarrier 200 04$aDer Welt eine neue Wirklichkeit geben $eFeministische und queertheoretische Interventionen /$fhrsg. von Aline Oloff, Hanna Meißner, Ina Kerner, Inka Greusing, Hannah Fitsch 205 $a1st ed. 210 $aBielefeld$ctranscript Verlag$d2022 210 1$aBielefeld :$ctranscript Verlag,$d[2022] 210 4$d©2022 215 $a1 online resource (284 p.) 225 0 $aGender Studies 311 $a3-8376-6168-7 327 $tFrontmatter --$tInhalt --$t»Der Welt eine neue Wirklichkeit geben.« Zur Einleitung --$tBlood Lust --$tKollaboration und Spekulation: Möglichkeitsräume solidarischen Forschens --$tFrom the Critique of Identity to an Ethics of Plurality: Sabine Hark?s Collaborative Vision --$tEthisches Begehren. Ein Versuch --$tZu einigen Erkenntnismitteln für eine ?verstehende? empirische Frauen- und Geschlechterforschung --$tLe Corps Lesbien wird 50. Radikales Wieder-Lesen und eine Hommage an Monique Wittig --$tDem Denken Raum geben. Voraussetzungen für gesellschaftlich verantwortliche Wissenschaftsarbeit an Universitäten --$tSolidarität als zärtliche Bürgerlichkeit. Verstreute Überlegungen mit und zur Gemeinschaft der Ungewählten --$tFeministische und Kritische Theorie ? Leitfäden ohne Leitbild --$tSolidarische Arbeitsbündnisse und Räume feministischer Praxis und Kritik. Verhandlungen alter und neuer Herausforderungen in feministischen (Gegen-)Öffentlichkeiten --$tWas tun mit der Familie? Für einen queeren Gegenrealismus --$tVon der prozesshaften Identität zu neuen demokratischen Lebensweisen --$tWie Wissenschaft Wissen schafft. Zur Diskursgeschichte des akademisch gewordenen Feminismus und den Feminist Science & Technology Studies --$tEnt-decken von Wirklichkeit(en): Hochqualifizierte als Bündnispartner:innen einer solidarischen Sorgepolitik? --$t»Menschlichkeit erweist sich in der Freundschaft, nicht in der Brüderlichkeit«. In einer Virengemeinschaft mit Sabine Hark --$tNachdenken über Intersektionalität. Die Bedeutung von Klasse und Geschlecht im Kontext von anti-feministischen Kämpfen um Hegemonie --$tDie Kluge Jüdin ? oder: wie wurde aus Hannah Arendt Hannah Arendt? Ein Beitrag zur jüdischen Sozialgeschichte --$tFear of a Gender-Fluid Planet? Rightwing Populism in the Contemporary US --$tEs war einmal ? anders geworden --$tAbscheu vor dem Paradies --$tAuf den Spuren planetarischer Feminismen: Sorge- und Regenerationsarbeit im Angesicht ökologischer Katastrophen --$t»Frauen« --$tLeben in mehr als menschlichen Relationen: Die Fähigkeit zu antworten erweitern --$tAutor*innen 330 $aAuch nach Jahrzehnten von Aktivismus und Forschung gilt: Die (Geschlechter-)Verhältnisse im Feld des Politischen und auf der Ebene der kollektiven Weltdeutung sind nach wie vor von Ungleichheiten dominiert. Die Beitragenden zeigen auf, dass die feministische Kritik im Moment des Einwands bereits Möglichkeiten entfaltet, diese Verhältnisse neu zu denken. Ob im Widerspruch gegen die hegemoniale Zuweisung eines bestimmten Ortes, einer gesellschaftlichen Position oder einer vermeintlichen »Natur« - die feministische Kritik entwirft stets auch emanzipatorische Visionen eines solidarischen Zusammenlebens: Sie gibt der Welt eine neue Wirklichkeit. 410 0$aGender Studies. 606 $aSOCIAL SCIENCE / Gender Studies$2bisacsh 610 $aCapitalism. 610 $aCollectivism. 610 $aCritical Theory. 610 $aFeminist Theory. 610 $aGender Studies. 610 $aGender. 610 $aHegemony. 610 $aPatriarchal. 610 $aQueer Feminism. 610 $aQueer Theory. 610 $aQueer. 610 $aScience. 610 $aSocial Inequality. 610 $aSociety. 610 $aSociology of Science. 610 $aSolidarity. 610 $aUniversity. 615 7$aSOCIAL SCIENCE / Gender Studies. 676 $a305.4 700 $aFitsch$b Hannah$4edt$01262461 702 $aBasil$b Priya$f1977-$4ctb$4https://id.loc.gov/vocabulary/relators/ctb 702 $aBinder$b Beate$4ctb$4https://id.loc.gov/vocabulary/relators/ctb 702 $aButler$b Judith$f1956-$4ctb$4https://id.loc.gov/vocabulary/relators/ctb 702 $aDietze$b Gabriele$4ctb$4https://id.loc.gov/vocabulary/relators/ctb 702 $aDölling$b Irene$4ctb$4https://id.loc.gov/vocabulary/relators/ctb 702 $aFitsch$b Hannah$4ctb$4https://id.loc.gov/vocabulary/relators/ctb 702 $aFitsch$b Hannah$4edt$4http://id.loc.gov/vocabulary/relators/edt 702 $aGreusing$b Inka$4ctb$4https://id.loc.gov/vocabulary/relators/ctb 702 $aGreusing$b Inka$4edt$4http://id.loc.gov/vocabulary/relators/edt 702 $aHacker$b Hanna$f1956-$4ctb$4https://id.loc.gov/vocabulary/relators/ctb 702 $aHofbauer$b Johanna$f1963-$4ctb$4https://id.loc.gov/vocabulary/relators/ctb 702 $aJaeggi$b Rahel$4ctb$4https://id.loc.gov/vocabulary/relators/ctb 702 $aKerner$b Ina$4ctb$4https://id.loc.gov/vocabulary/relators/ctb 702 $aKerner$b Ina$4edt$4http://id.loc.gov/vocabulary/relators/edt 702 $aKlinger$b Cornelia$f1953-$4ctb$4https://id.loc.gov/vocabulary/relators/ctb 702 $aKnapp$b Gudrun-Axeli$4ctb$4https://id.loc.gov/vocabulary/relators/ctb 702 $aKreissl$b Katharina$4ctb$4https://id.loc.gov/vocabulary/relators/ctb 702 $aLaufenberg$b Mike$4ctb$4https://id.loc.gov/vocabulary/relators/ctb 702 $aLiebsch$b Katharina$f1962-$4ctb$4https://id.loc.gov/vocabulary/relators/ctb 702 $aLorey$b Isabell$4ctb$4https://id.loc.gov/vocabulary/relators/ctb 702 $aLucht$b Petra$4ctb$4https://id.loc.gov/vocabulary/relators/ctb 702 $aMeißner$b Hanna$4ctb$4https://id.loc.gov/vocabulary/relators/ctb 702 $aMeißner$b Hanna$4edt$4http://id.loc.gov/vocabulary/relators/edt 702 $aNickel$b Hildegard Maria$f1948-$4ctb$4https://id.loc.gov/vocabulary/relators/ctb 702 $aOloff$b Aline$4ctb$4https://id.loc.gov/vocabulary/relators/ctb 702 $aOloff$b Aline$4edt$4http://id.loc.gov/vocabulary/relators/edt 702 $aSalzmann$b Marianna$f1985-$4ctb$4https://id.loc.gov/vocabulary/relators/ctb 702 $aSauer$b Birgit$4ctb$4https://id.loc.gov/vocabulary/relators/ctb 702 $aSchüler-Springorum$b Stefanie$4ctb$4https://id.loc.gov/vocabulary/relators/ctb 702 $aStein$b Arlene$4ctb$4https://id.loc.gov/vocabulary/relators/ctb 702 $aTeubner$b Ulrike$4ctb$4https://id.loc.gov/vocabulary/relators/ctb 702 $aThomas$b Tanja$4ctb$4https://id.loc.gov/vocabulary/relators/ctb 702 $aThürmer-Rohr$b Christina$4ctb$4https://id.loc.gov/vocabulary/relators/ctb 702 $aTsomou$b Margarita$4ctb$4https://id.loc.gov/vocabulary/relators/ctb 702 $aVilla$b Paula-Irene$4ctb$4https://id.loc.gov/vocabulary/relators/ctb 702 $aVölker$b Susanne$4ctb$4https://id.loc.gov/vocabulary/relators/ctb 712 02$aTechnische Universität Berlin$4fnd$4http://id.loc.gov/vocabulary/relators/fnd 801 0$bDE-B1597 801 1$bDE-B1597 906 $aBOOK 912 $a996492064703316 996 $aDer Welt eine neue Wirklichkeit geben$93562123 997 $aUNISA